[Event "OPEN INER 2022"]
[Site "salle des fÃªtes de Saint Deni"]
[Date "2022.10.13"]
[Round "4.25"]
[White "Erudel, Irina"]
[Black "Khantalin, Irakliy"]
[Result "1-0"]
[WhiteElo "1199"]
[BlackElo "1009"]
[PlyCount "59"]
[EventDate "2022.??.??"]
[WhiteTeam "Club Echiquier du Nord"]
[BlackTeam "Club Echiquier du Nord"]

1. e4 e5 2. Nf3 Nc6 3. Nc3 Nf6 4. Bb5 d6 5. d3 Be7 6. Be3 Bg4 7. h3 Bxf3 8.
Qxf3 O-O 9. O-O-O a6 10. Bc4 b5 11. Bd5 Nxd5 12. exd5 Nd4 13. Bxd4 exd4 14. Ne4
Bg5+ 15. Kb1 a5 16. h4 Bf6 17. g4 b4 18. g5 Be5 19. h5 a4 20. h6 g6 21. Qh3 f5
22. gxf6 Bxf6 23. Qe6+ Kh8 24. Nxf6 Rxf6 25. Qe4 Rxf2 26. Qxd4+ Qf6 27. Qxb4
Ra6 28. Rhe1 Kg8 29. Qb8+ Kf7 30. Qe8# 1-0

[Event "OPEN INER 2022"]
[Site "salle des fêtes de Saint Denis"]
[Date "2022.10.13"]
[Round "6.1"]
[White "De Peindray D'Ambell, Philippe"]
[Black "Triton, Maxime"]
[Result "1/2-1/2"]
[WhiteElo "1788"]
[BlackElo "1888"]
[PlyCount "67"]
[EventDate "2022.??.??"]

1. e4 c5 2. Be2 Nc6 3. f4 e6 4. Nf3 d5 5. d3 Bd6 6. c3 Nh6 7. O-O O-O 8. h3 f6
9. Be3 Bd7 10. Nbd2 Qc7 11. g3 b5 12. d4 Na5 13. e5 Be7 14. Rc1 f5 15. b3 c4
16. b4 Nc6 17. Ra1 a5 18. a3 Ra7 19. a4 axb4 20. axb5 Rxa1 21. Qxa1 Na7 22.
cxb4 Nxb5 23. Qa6 Rb8 24. Ra1 Bxb4 25. Ng5 Qc8 26. Qxc8+ Bxc8 27. Nxc4 dxc4 28.
Bxc4 Nc7 29. Ra7 Rb7 30. Rxb7 Bxb7 31. Nxe6 Nxe6 32. Bxe6+ Kf8 33. d5 Ke7 34.
Bb6 1/2-1/2

[Event "OPEN INER 2022"]
[Site "salle des fêtes de Saint Denis"]
[Date "2022.10.13"]
[Round "6.2"]
[White "Francou, Yvon"]
[Black "Lutard, Florian"]
[Result "0-1"]
[WhiteElo "1639"]
[BlackElo "2045"]
[PlyCount "82"]
[EventDate "2022.??.??"]

1. d4 Nf6 2. Nf3 e6 3. c4 Bb4+ 4. Bd2 Qe7 5. a3 Bxd2+ 6. Qxd2 d6 7. e3 O-O 8.
Qc2 e5 9. d5 a5 10. Nc3 Na6 11. Be2 Nc5 12. O-O a4 13. Nd2 Bd7 14. f3 Nh5 15.
Rae1 f5 16. Nb5 c6 17. Nc3 f4 18. Bd3 Nxd3 19. Qxd3 fxe3 20. Qxe3 Nf4 21. Nde4
c5 22. Ne2 b5 23. N4c3 Nxe2+ 24. Qxe2 b4 25. Ne4 bxa3 26. bxa3 Rab8 27. Rb1 Rb3
28. Rxb3 axb3 29. Nc3 Qh4 30. Ne4 Qh6 31. Rb1 Rb8 32. g3 Bf5 33. Rb2 Qc1+ 34.
Kg2 Bxe4 35. fxe4 Qa1 36. Qd2 Qxa3 37. Qc3 Qa1 38. Kh3 Qf1+ 39. Kh4 h6 40. Rxb3
g5+ 41. Kh5 Qd1+ 0-1

[Event "OPEN INER 2022"]
[Site "salle des fêtes de Saint Denis"]
[Date "2022.10.13"]
[Round "6.3"]
[White "Larmet, Nino"]
[Black "Mezouaghi, Miloud"]
[Result "0-1"]
[WhiteElo "2023"]
[BlackElo "1987"]
[PlyCount "78"]
[EventDate "2022.??.??"]

1. e4 c5 2. Nf3 d6 3. Bb5+ Nd7 4. O-O Ngf6 5. Re1 a6 6. Bf1 e6 7. c3 Be7 8. d4
e5 9. a4 b6 10. Nbd2 O-O 11. Nc4 Qc7 12. d5 Re8 13. g3 Bf8 14. Nh4 g6 15. Bg2
Rb8 16. f4 exf4 17. gxf4 b5 18. Nd2 c4 19. axb5 axb5 20. Qf3 Nxd5 21. Nf1 N5f6
22. Ng3 Bb7 23. Be3 Nxe4 24. Ba7 Ra8 25. Nxe4 Bxe4 26. Rxe4 Rxe4 27. Qxe4 Rxa7
28. Re1 Nc5 29. Qd4 Nd3 30. Re8 Ra1+ 31. Bf1 Qc5 32. Nf3 Nxf4 33. Kf2 Rb1 34.
Qxc5 dxc5 35. Ne5 Kg7 36. Rd8 Rxb2+ 37. Kg3 Ne6 38. Rd7 Ng5 39. Kg4 Rf2 0-1

[Event "OPEN INER 2022"]
[Site "salle des fêtes de Saint Denis"]
[Date "2022.10.13"]
[Round "6.4"]
[White "Riviere, Etienne"]
[Black "Dace, Jean Emeric"]
[Result "1-0"]
[WhiteElo "1886"]
[BlackElo "1649"]
[PlyCount "121"]
[EventDate "2022.??.??"]

1. e4 e6 2. d4 d5 3. Nc3 Nf6 4. e5 Nfd7 5. f4 c5 6. Nf3 Nc6 7. Be3 Qb6 8. Na4
Qa5+ 9. c3 cxd4 10. b4 Qd8 11. Nxd4 Nxd4 12. Bxd4 Be7 13. Bd3 O-O 14. Qh5 g6
15. Qg4 f5 16. Qf3 a6 17. g4 b5 18. gxf5 gxf5 19. Nc5 Nxc5 20. bxc5 Kh8 21. Rg1
Bd7 22. Kd2 Qc7 23. Qh5 Bxc5 24. Qh6 Rf7 25. Rg5 Bxd4 26. cxd4 Rg8 27. Rxg8+
Kxg8 28. Qg5+ Kh8 29. Rc1 Qb8 30. Be2 Qf8 31. Rc5 Qb8 32. Bh5 Rf8 33. Qh6 Qd8
34. Bg6 Qe7 35. Bh5 Qd8 36. Rc7 Rg8 37. Qf6+ Qxf6 38. exf6 Bc8 39. h4 a5 40.
Re7 Rf8 41. Kc3 Kg8 42. Rg7+ Kh8 43. Re7 Kg8 44. Rc7 Kh8 45. Kb3 Rd8 46. Ra7
a4+ 47. Kb4 Bd7 48. Kc5 Kg8 49. Kd6 b4 50. Ke7 Rb8 51. Kxd7 b3 52. axb3 axb3
53. Ra1 b2 54. Rb1 Rb6 55. Ke7 Rb7+ 56. Kxe6 Rb5 57. Kxf5 Kf8 58. Ke5 Rb4 59.
Kxd5 Rb5+ 60. Ke6 Rxh5 61. Rxb2 1-0

[Event "OPEN INER 2022"]
[Site "salle des fêtes de Saint Denis"]
[Date "2022.10.13"]
[Round "6.5"]
[White "Lallemand, Eric"]
[Black "Lallemand, Philippe"]
[Result "1/2-1/2"]
[WhiteElo "1199"]
[BlackElo "1840"]
[PlyCount "57"]
[EventDate "2022.??.??"]

1. e4 c5 2. Nf3 d6 3. d4 cxd4 4. Nxd4 Nf6 5. Nc3 a6 6. Be2 e5 7. Nb3 Be6 8. Bg5
Be7 9. Bxf6 Bxf6 10. Nd5 Qd7 11. Nb6 Qd8 12. Nxa8 Nd7 13. O-O Be7 14. Qd3 Qxa8
15. c3 O-O 16. Nd2 Rd8 17. Bf3 Qc8 18. a3 Nb6 19. Rfd1 Bg5 20. b4 Nc4 21. Nxc4
Bxc4 22. Qb1 Bf6 23. Qc2 Qc7 24. Be2 Rc8 25. Bxc4 Qxc4 26. Rd3 Qe6 27. Rd5 Be7
28. Rad1 Re8 29. Ra1 1/2-1/2

[Event "OPEN INER 2022"]
[Site "salle des fêtes de Saint Denis"]
[Date "2022.10.13"]
[Round "6.6"]
[White "Folio, Thomas"]
[Black "Fondrat, Johan"]
[Result "0-1"]
[WhiteElo "1431"]
[BlackElo "1742"]
[PlyCount "126"]
[EventDate "2022.??.??"]

1. e4 c5 2. Nc3 Nc6 3. g3 g6 4. Bg2 Bg7 5. d3 e6 6. Be3 d6 7. Qd2 a6 8. Nge2 b5
9. O-O Nd4 10. Nd1 Bb7 11. c3 Nxe2+ 12. Qxe2 Ne7 13. f4 h5 14. d4 Rc8 15. dxc5
dxc5 16. Nf2 c4 17. Rad1 Qa5 18. e5 Bxg2 19. Kxg2 O-O 20. Ne4 Nf5 21. a3 Qc7
22. Nd6 Qc6+ 23. Kf2 Rcd8 24. Qf3 Qxf3+ 25. Kxf3 Nxd6 26. Rxd6 Rxd6 27. exd6
Rd8 28. Rd1 Rd7 29. h3 Kf8 30. g4 hxg4+ 31. hxg4 Ke8 32. Bc5 f5 33. g5 Bf8 34.
Re1 Kf7 35. Rd1 Ke8 36. Re1 Kf7 37. Rd1 Bg7 38. Re1 Rd8 39. Re2 Bf8 40. Rd2 a5
41. Bb6 Rxd6 42. Rxd6 Bxd6 43. Bxa5 e5 44. fxe5 Bxe5 45. Bb6 Ke6 46. Bc5 Bd6
47. Bd4 Be7 48. Kf4 Bd6+ 49. Kf3 Kd5 50. Bf6 Bh2 51. Bd8 Be5 52. Be7 Bc7 53.
Bf6 Kc5 54. Bd4+ Kc6 55. Bf6 Kb6 56. Bd4+ Ka5 57. Ke2 Ka4 58. Be3 Kb3 59. Bc5
Kxb2 60. Bb4 Bf4 61. Be7 Kxc3 62. Bf6+ Kb3 63. Be7 c3 0-1

[Event "OPEN INER 2022"]
[Site "salle des fêtes de Saint Denis"]
[Date "2022.10.13"]
[Round "6.7"]
[White "Jotee, Ashvin"]
[Black "Frelicot, Eric"]
[Result "1-0"]
[WhiteElo "1815"]
[BlackElo "1560"]
[PlyCount "107"]
[EventDate "2022.??.??"]

1. c4 Nf6 2. g3 e5 3. Bg2 d6 4. Nc3 c6 5. d3 Be7 6. Nf3 Bg4 7. h3 Be6 8. Rb1
Nbd7 9. Ng5 Bf5 10. e4 Bg6 11. Nf3 Rb8 12. Qe2 b5 13. cxb5 cxb5 14. b4 a6 15.
Rb3 O-O 16. O-O a5 17. a3 axb4 18. axb4 Ne8 19. d4 Nc7 20. dxe5 Nxe5 21. Nd4
Qe8 22. Nf5 Bxf5 23. exf5 Bf6 24. Rd1 Nc4 25. Qf3 Bxc3 26. Qxc3 Qc8 27. Qc2 Re8
28. Bf4 Rd8 29. g4 d5 30. Bxc7 Qxc7 31. Bxd5 Qe7 32. Bxc4 bxc4 33. Rxd8+ Rxd8
34. Qxc4 Qe1+ 35. Kg2 h5 36. Re3 Qa1 37. Re7 Qa8+ 38. Qe4 Qb8 39. Qb7 Qa8 40.
Rxf7 hxg4 41. Rxg7+ Kf8 42. Qxa8 gxh3+ 43. Kxh3 Rxa8 44. Rb7 Ra2 45. f4 Ra1 46.
Kg4 Rg1+ 47. Kf3 Re1 48. f6 Re6 49. f7 Kg7 50. Kg4 Rg6+ 51. Kf5 Rf6+ 52. Ke5
Rh6 53. f5 Rf6 54. f8=Q+ 1-0

[Event "OPEN INER 2022"]
[Site "salle des fêtes de Saint Denis"]
[Date "2022.10.13"]
[Round "6.8"]
[White "Desire, Michael"]
[Black "Folio, Pierre"]
[Result "0-1"]
[WhiteElo "1670"]
[BlackElo "1432"]
[PlyCount "96"]
[EventDate "2022.??.??"]

1. d4 Nf6 2. c4 g6 3. Nc3 d5 4. cxd5 Nxd5 5. e4 Nxc3 6. bxc3 Bg7 7. Qa4+ Qd7 8.
Qa3 O-O 9. Bc4 Qg4 10. Be2 Qxe4 11. Nf3 Bg4 12. Be3 e5 13. dxe5 Nc6 14. O-O
Nxe5 15. Ng5 Qc6 16. f3 Be6 17. Bd4 Bc4 18. Rfe1 Rfe8 19. f4 Bxe2 20. fxe5 Bxe5
21. Bxe5 Rxe5 22. Nf3 Re3 23. Nd4 Qe4 24. Qb2 Bd3 25. Qf2 Re8 26. Red1 c5 27.
Nf3 Be2 28. Ng5 Qe7 29. Qh4 h5 30. Rdc1 f6 31. Nh3 g5 32. Qf2 Bg4 33. Qc2 Kg7
34. Rf1 Bxh3 35. gxh3 Re2 36. Qf5 Qe3+ 37. Kh1 Qe5 38. Qxe5 R8xe5 39. Rf3 R5e3
40. Raf1 Rxf3 41. Rxf3 Rxa2 42. Rd3 Kg6 43. Rd5 b6 44. Rd1 a5 45. Rd6 b5 46.
Rd5 b4 47. Rxc5 b3 48. Rb5 b2 0-1

[Event "OPEN INER 2022"]
[Site "salle des fêtes de Saint Denis"]
[Date "2022.10.13"]
[Round "6.9"]
[White "Sawmynaden, Vicken"]
[Black "Boyer, Mathis"]
[Result "1-0"]
[WhiteElo "1644"]
[BlackElo "1190"]
[PlyCount "101"]
[EventDate "2022.??.??"]

1. d4 Nf6 2. Bf4 e6 3. e3 c5 4. c4 Nc6 5. Nc3 cxd4 6. exd4 Bb4 7. Nf3 Bxc3+ 8.
bxc3 d5 9. c5 Ne4 10. Qc2 Qa5 11. Rc1 b6 12. Bd3 Bb7 13. Bxe4 dxe4 14. Qxe4
Qxa2 15. O-O Nd8 16. Qe5 O-O 17. cxb6 Bxf3 18. gxf3 Qd5 19. Qxd5 exd5 20. bxa7
Rxa7 21. c4 Nc6 22. Be3 Ne7 23. Bd2 Ra4 24. c5 Rxd4 25. Be3 Rc4 26. Rxc4 dxc4
27. Rc1 Rc8 28. Rxc4 Kf8 29. Bf4 Ke8 30. Bd6 Nf5 31. Bf4 Ne7 32. Kg2 Rc6 33.
Kf1 Nf5 34. Ke2 Kd7 35. Kd3 g6 36. Kc3 Ke6 37. Re4+ Kf6 38. Kc4 g5 39. Bc1 Nd6+
40. Kd5 Rxc5+ 41. Kxc5 Nxe4+ 42. fxe4 Ke5 43. Bxg5 Kxe4 44. f4 f5 45. Kd6 h5
46. Ke6 h4 47. h3 Kf3 48. Kxf5 Kg3 49. Kg6 Kxh3 50. Bxh4 Kg4 51. Bg5 1-0

[Event "OPEN INER 2022"]
[Site "salle des fêtes de Saint Denis"]
[Date "2022.10.13"]
[Round "6.10"]
[White "Hoarau, Antoine"]
[Black "Rosamel, Manua"]
[Result "1/2-1/2"]
[WhiteElo "1246"]
[BlackElo "1319"]
[PlyCount "46"]
[EventDate "2022.??.??"]

1. d4 Nf6 2. Bf4 g6 3. Nc3 Bg7 4. e4 d6 5. Qd2 O-O 6. O-O-O b6 7. Bh6 Nbd7 8.
Bxg7 Kxg7 9. Be2 e5 10. d5 Nc5 11. f3 Nh5 12. g4 Nf4 13. h4 h6 14. Nh3 Nxe2+
15. Nxe2 Qxh4 16. Rh2 Qf6 17. g5 hxg5 18. Nxg5 Rh8 19. Rxh8 Kxh8 20. Rh1+ Kg8
21. Rh7 Ba6 22. Rxf7 Qd8 23. Nc3 b5 1/2-1/2

[Event "OPEN INER 2022"]
[Site "salle des fêtes de Saint Denis"]
[Date "2022.10.13"]
[Round "6.11"]
[White "Lam Kin Cheung, Stephane"]
[Black "Sawmynaden, Righen Peroumal"]
[Result "1-0"]
[WhiteElo "1199"]
[BlackElo "1743"]
[PlyCount "102"]
[EventDate "2022.??.??"]

1. e4 c5 2. a3 e6 3. Nf3 a6 4. g3 Nc6 5. Bg2 e5 6. O-O Nf6 7. Re1 Be7 8. c3 d6
9. d4 cxd4 10. cxd4 Bg4 11. d5 Bxf3 12. Bxf3 Nd4 13. Bg2 Rc8 14. Nc3 Qd7 15.
Be3 Nb5 16. Nxb5 Qxb5 17. Rc1 Qd7 18. Qd3 O-O 19. h4 Rxc1 20. Rxc1 Rc8 21. Rc3
h5 22. Qc2 Rxc3 23. Qxc3 Bd8 24. f3 Kh7 25. Kh2 Qb5 26. b4 Bb6 27. a4 Bd4 28.
Qxd4 exd4 29. axb5 dxe3 30. Bf1 axb5 31. Bxb5 Kg8 32. Kg2 Kf8 33. Kf1 Ke7 34.
Ke2 Nd7 35. Kxe3 Nb6 36. Kf4 Kf6 37. g4 hxg4 38. fxg4 Ke7 39. Kf5 Kf8 40. h5
Nc8 41. g5 Ne7+ 42. Kf4 g6 43. h6 f5 44. Bc4 fxe4 45. Kxe4 Nf5 46. Bb5 Kg8 47.
Bd7 Ne7 48. Be6+ Kh8 49. Kd4 b5 50. Bd7 Nf5+ 51. Bxf5 gxf5 1-0

[Event "OPEN INER 2022"]
[Site "salle des fêtes de Saint Denis"]
[Date "2022.10.13"]
[Round "6.12"]
[White "Bah, Ismael"]
[Black "Vadon Ramalanjaona, Mateotia"]
[Result "1/2-1/2"]
[WhiteElo "1588"]
[BlackElo "1314"]
[PlyCount "81"]
[EventDate "2022.??.??"]

1. b4 Nf6 2. Bb2 g6 3. Nc3 Bg7 4. Nd5 e6 5. Bxf6 Bxf6 6. Nxf6+ Qxf6 7. b5 b6 8.
e3 d6 9. c3 Bb7 10. a4 a5 11. Qg4 Nd7 12. d4 O-O 13. Be2 Qf5 14. Qxf5 exf5 15.
Bf3 Bxf3 16. Nxf3 Nf6 17. O-O Rac8 18. c4 c5 19. Rac1 Rfd8 20. Rfd1 Ne4 21. Kf1
Rc7 22. Ke2 Rdc8 23. d5 Re7 24. g3 g5 25. h4 g4 26. Ne1 Rce8 27. Ng2 Nf6 28.
Rc2 Nd7 29. Kf1 Kg7 30. Nf4 Kh6 31. Ne2 Ne5 32. Ng1 Nd7 33. Rc3 Kg6 34. Kg2 h5
35. Kf1 Re4 36. Rdc1 Nf6 37. Ne2 R4e7 38. R3c2 Nd7 39. Rc3 Kf6 40. Nf4 Rh8 41.
Kg2 1/2-1/2

[Event "OPEN INER 2022"]
[Site "salle des fêtes de Saint Denis"]
[Date "2022.10.13"]
[Round "6.13"]
[White "Lebihan, Mahe"]
[Black "Folio, Raphael"]
[Result "1-0"]
[WhiteElo "1199"]
[BlackElo "1277"]
[PlyCount "101"]
[EventDate "2022.??.??"]

1. e4 e6 2. d4 d5 3. exd5 exd5 4. Nf3 Nf6 5. c4 Be6 6. Qb3 b6 7. Nc3 Nbd7 8.
cxd5 Nxd5 9. Bc4 Nxc3 10. Bxe6 Qe7 11. bxc3 Qxe6+ 12. Qxe6+ fxe6 13. O-O Bd6
14. Re1 Nf8 15. Ng5 Kd7 16. f4 h6 17. Nf7 Rg8 18. Re2 Ng6 19. g3 Ne7 20. a4 Nd5
21. c4 Nc3 22. Re3 Bb4 23. Ba3 a5 24. Bb2 g5 25. Bxc3 gxf4 26. Rf3 h5 27. Bxb4
fxg3 28. Ne5+ Kc8 29. Bc3 Kb7 30. Rxg3 h4 31. Rxg8 Rxg8+ 32. Kf2 c5 33. dxc5
bxc5 34. Bxa5 Rg5 35. Re1 h3 36. Rg1 Rxe5 37. Rg3 Re4 38. Rc3 Rg4 39. Kf3 Rg2
40. Rb3+ Kc6 41. Bb6 Rxh2 42. Kg3 Ra2 43. a5 h2 44. Rb1 Rb2 45. Rh1 Rc2 46.
Rxh2 Rxc4 47. Ra2 Kb7 48. a6+ Ka8 49. Rd2 Rd4 50. Rf2 Rd3+ 51. Kg2 1-0

[Event "OPEN INER 2022"]
[Site "salle des fêtes de Saint Denis"]
[Date "2022.10.13"]
[Round "6.14"]
[White "Lee Luen Mang, Stefan"]
[Black "Daoudjee, Hishame"]
[Result "1-0"]
[WhiteElo "1557"]
[BlackElo "1199"]
[PlyCount "71"]
[EventDate "2022.??.??"]

1. e4 d6 2. d4 g6 3. Be3 Nd7 4. Qd2 a6 5. c4 c6 6. Nc3 Qc7 7. Rc1 Bg7 8. Nf3 e5
9. d5 c5 10. Be2 Ndf6 11. h3 h6 12. Nh4 Bd7 13. g4 g5 14. Nf5 Bxf5 15. gxf5 Qd7
16. Bd1 O-O-O 17. b4 b6 18. Na4 Qc7 19. bxc5 bxc5 20. f3 Nd7 21. Rb1 Re8 22.
Rb3 Kd8 23. Qb2 Ke7 24. Rb7 Qa5+ 25. Bd2 Qd8 26. Nb6 Ngf6 27. Nxd7 Nxd7 28. Ba4
Kf8 29. Rxd7 Qb8 30. Rb7 Qd8 31. Bxe8 f6 32. Bg6 h5 33. Rb8 Qxb8 34. Qxb8+ Ke7
35. Qc7+ Kf8 36. Qd8# 1-0

[Event "OPEN INER 2022"]
[Site "salle des fêtes de Saint Denis"]
[Date "2022.10.13"]
[Round "6.15"]
[White "Fondrat, Thierry"]
[Black "Naquin, Miguel"]
[Result "1-0"]
[WhiteElo "1217"]
[BlackElo "1099"]
[PlyCount "117"]
[EventDate "2022.??.??"]

1. e4 e5 2. Nf3 d6 3. c3 Nf6 4. Bd3 g6 5. O-O Bg7 6. Re1 O-O 7. h3 Nc6 8. Bc2
Be6 9. d4 Bd7 10. d5 Na5 11. Bd3 b6 12. b4 Nb7 13. Nbd2 c6 14. c4 a6 15. Nb3
Re8 16. Be3 b5 17. Nfd2 bxc4 18. Bxc4 cxd5 19. exd5 Bb5 20. Bg5 Qc8 21. Rc1
Bxc4 22. Rxc4 Qd7 23. Ne4 Nxe4 24. Rexe4 h6 25. Bd2 f5 26. Re1 Rf8 27. Qc1 Rac8
28. Rc6 f4 29. f3 Bf6 30. Qc2 Bh4 31. Qxg6+ Qg7 32. Qxg7+ Kxg7 33. Rec1 Rce8
34. Rxa6 Nd8 35. Rxd6 Nf7 36. Rd7 Re7 37. Rcc7 Rfe8 38. b5 e4 39. fxe4 Ne5 40.
Rxe7+ Bxe7 41. d6 Kf7 42. Bxf4 Nd3 43. Bg3 Nb4 44. Rxe7+ Rxe7 45. dxe7 Kxe7 46.
a4 Kd7 47. Kf1 Kc8 48. Ke2 Kb7 49. e5 Kc8 50. Nc5 h5 51. Bh4 Kc7 52. e6 Na6 53.
Nxa6+ Kb7 54. e7 Ka8 55. e8=Q+ Ka7 56. Qd7+ Ka8 57. Qc6+ Ka7 58. Qc7+ Ka8 59.
Qb8# 1-0

[Event "OPEN INER 2022"]
[Site "salle des fêtes de Saint Denis"]
[Date "2022.10.13"]
[Round "6.16"]
[White "Hichari, Lotfi"]
[Black "Bonin, Malo"]
[Result "1-0"]
[WhiteElo "1199"]
[BlackElo "1199"]
[PlyCount "85"]
[EventDate "2022.??.??"]

1. d4 d5 2. c4 e6 3. Nf3 Nc6 4. g3 b6 5. Bg2 Bb7 6. cxd5 exd5 7. Nc3 Nf6 8. Bf4
Bd6 9. Bg5 Be7 10. h4 h6 11. Bf4 Bd6 12. Bxd6 Qxd6 13. Nb5 Qb4+ 14. Nc3 Qxb2
15. Rc1 Nb4 16. O-O O-O 17. Na4 Qxa2 18. Rxc7 Bc6 19. Nc3 Qc4 20. Qc1 Rfc8 21.
Ne5 Qxd4 22. Nxc6 Nxc6 23. Nb5 Qa4 24. Qxc6 Re8 25. Nd6 Qxc6 26. Rxc6 Rxe2 27.
Nf5 b5 28. Nxh6+ gxh6 29. Rxf6 Kg7 30. Rd6 Rd2 31. Bf3 Rb8 32. Rd1 Rxd1+ 33.
Bxd1 a5 34. Rxd5 a4 35. Kf1 a3 36. Bb3 b4 37. Ra5 Rb6 38. Ra4 Kf6 39. Ke2 Ke5
40. Kd3 f5 41. Kc4 Ke4 42. Kc5 Rb7 43. Bd5+ 1-0

[Event "OPEN INER 2022"]
[Site "salle des fêtes de Saint Denis"]
[Date "2022.10.13"]
[Round "6.17"]
[White "Erudel, Irina"]
[Black "Giraud, Dimitri"]
[Result "1-0"]
[WhiteElo "1199"]
[BlackElo "1054"]
[PlyCount "55"]
[EventDate "2022.??.??"]

1. e4 e5 2. Nf3 Nc6 3. Nc3 Nf6 4. Bb5 d6 5. d4 Bd7 6. d5 Nb4 7. Qe2 Bxb5 8.
Qxb5+ Nc6 9. dxc6 b6 10. Bg5 Be7 11. O-O-O a6 12. Qb3 O-O 13. Nxe5 h6 14. Bxf6
Bxf6 15. Nd7 Bxc3 16. Nxf8 Qg5+ 17. Kb1 Bd2 18. Ng6 Qxg2 19. Ne7+ Kf8 20. Rhg1
Qxf2 21. Rgf1 Qxf1 22. Rxf1 f6 23. Qg8+ Kxe7 24. Qxa8 g5 25. Qxa6 h5 26. Qe2
Ba5 27. Qxh5 Ke6 28. Qe8# 1-0

[Event "OPEN INER 2022"]
[Site "salle des fêtes de Saint Denis"]
[Date "2022.10.13"]
[Round "6.18"]
[White "Cavillot-Delestage, Raphael"]
[Black "Lai-Cheung-Kit, Guillaume"]
[Result "1-0"]
[WhiteElo "1155"]
[BlackElo "1011"]
[PlyCount "39"]
[EventDate "2022.??.??"]

1. e4 d5 2. exd5 Nf6 3. d4 Nxd5 4. Nf3 Bg4 5. h3 Bh5 6. Nc3 e6 7. a3 Nc6 8. Be2
Bd6 9. Nxd5 exd5 10. Bg5 Be7 11. Bxe7 Qxe7 12. Qd3 O-O 13. O-O Rfe8 14. Rfe1
Qf6 15. Rad1 Re6 16. c4 Rae8 17. cxd5 Rxe2 18. Rxe2 Rxe2 19. Qxe2 Bxf3 20. Qe8#
1-0

[Event "OPEN INER 2022"]
[Site "salle des fêtes de Saint Denis"]
[Date "2022.10.13"]
[Round "6.20"]
[White "Cheung, Gerard"]
[Black "Gauthier, Keanu"]
[Result "1/2-1/2"]
[WhiteElo "1199"]
[BlackElo "1099"]
[PlyCount "64"]
[EventDate "2022.??.??"]

1. Nf3 Nc6 2. b3 d5 3. Bb2 Bg4 4. e3 Qd7 5. h3 Bf5 6. c4 e6 7. cxd5 exd5 8. a3
O-O-O 9. d4 f6 10. Nc3 a6 11. Na4 Be4 12. Nc5 Bxc5 13. dxc5 Nge7 14. Nd4 Rhe8
15. Bd3 Nxd4 16. Bxe4 dxe4 17. Bxd4 Nf5 18. Bb2 Qxd1+ 19. Rxd1 Rxd1+ 20. Kxd1
Rd8+ 21. Kc2 Rd5 22. b4 Ne7 23. Rd1 Rxd1 24. Kxd1 Kd7 25. f3 exf3 26. gxf3 Ke6
27. e4 g6 28. h4 f5 29. Ke2 fxe4 30. fxe4 Nc6 31. Kf3 Ne7 32. Kg4 h5+ 1/2-1/2

[Event "OPEN INER 2022"]
[Site "salle des fêtes de Saint Denis"]
[Date "2022.10.13"]
[Round "6.21"]
[White "Molines, Martin"]
[Black "Khantalina, Ilariya"]
[Result "1-0"]
[WhiteElo "1037"]
[BlackElo "1099"]
[PlyCount "73"]
[EventDate "2022.??.??"]

1. e4 e6 2. d4 d5 3. exd5 exd5 4. Nf3 Bd6 5. c4 c6 6. Nc3 Bf5 7. Bd3 Bxd3 8.
Qxd3 Nf6 9. O-O O-O 10. Bg5 Nbd7 11. cxd5 cxd5 12. Nxd5 h6 13. Nxf6+ Nxf6 14.
Bh4 Bf4 15. Qf5 Qd6 16. Bxf6 Qxf6 17. Qxf6 gxf6 18. Rfe1 Rfe8 19. g3 Bd6 20.
Re3 Rxe3 21. fxe3 Re8 22. Kf2 a6 23. Nh4 Bb4 24. a3 Bd2 25. Ng2 Kg7 26. b4 Bc3
27. Ra2 a5 28. Rc2 axb4 29. axb4 Bxb4 30. Rb2 Ba3 31. Rxb7 Rc8 32. Kf3 Rc1 33.
Nf4 Re1 34. Nh5+ Kg6 35. Nf4+ Kf5 36. Rb5+ Bc5 37. Rxc5# 1-0

[Event "OPEN INER 2022"]
[Site "salle des fêtes de Saint Denis"]
[Date "2022.10.13"]
[Round "6.22"]
[White "Khantalin, Serafim"]
[Black "Giraud, Marius"]
[Result "0-1"]
[WhiteElo "1009"]
[BlackElo "1063"]
[PlyCount "24"]
[EventDate "2022.??.??"]

1. e4 e5 2. Nf3 Nc6 3. Nc3 Nf6 4. Bc4 Bc5 5. O-O d6 6. Ng5 O-O 7. Nxf7 Rxf7 8.
Bxf7+ Kxf7 9. Qf3 Kg8 10. Qg3 Ng4 11. d3 Nd4 12. f3 Ne2+ 0-1

[Event "OPEN INER 2022"]
[Site "salle des fêtes de Saint Denis"]
[Date "2022.10.13"]
[Round "6.23"]
[White "Cavillot-Delestage, Honore"]
[Black "Lai-Cheung-Kit, Lucie"]
[Result "1-0"]
[WhiteElo "1009"]
[BlackElo "1009"]
[PlyCount "67"]
[EventDate "2022.??.??"]

1. e4 e5 2. f4 Nc6 3. Nf3 Bd6 4. d3 exf4 5. Nc3 Nf6 6. Bd2 O-O 7. Qe2 Re8 8.
O-O-O Be5 9. g3 Nh5 10. gxf4 Bxf4 11. Bxf4 Nxf4 12. Qe3 Ne6 13. Nd5 f6 14. Nf4
Nxf4 15. Qxf4 Ne5 16. Nxe5 fxe5 17. Qf3 Rf8 18. Qg2 d6 19. d4 Be6 20. Rg1 Rf7
21. dxe5 dxe5 22. Rxd8+ Rxd8 23. Be2 Kf8 24. Rf1 Rdd7 25. Bh5 c6 26. Bxf7 Bxf7
27. Rd1 Be6 28. Qf1+ Kg8 29. Qf2 Bg4 30. Rxd7 Bxd7 31. Qxa7 g5 32. Qb8+ Kf7 33.
Qxe5 g4 34. Qf4+ 1-0

[Event "OPEN INER 2022"]
[Site "salle des fêtes de Saint Denis"]
[Date "2022.10.13"]
[Round "6.24"]
[White "Khantalin, Irakliy"]
[Black "Lam Kin Cheung, Youn Ha"]
[Result "1-0"]
[WhiteElo "1009"]
[BlackElo "1199"]
[PlyCount "43"]
[EventDate "2022.??.??"]

1. e4 e6 2. d4 d5 3. e5 Ne7 4. Nf3 Nbc6 5. Nc3 Ng6 6. Be3 Be7 7. Qd2 O-O 8.
O-O-O Qd7 9. Bg5 Bxg5 10. Nxg5 Qe8 11. h4 b6 12. Bd3 Nge7 13. Nxh7 a5 14. Nxf8
Kxf8 15. Bb5 Bd7 16. h5 Qc8 17. h6 gxh6 18. Qxh6+ Ke8 19. Qh8+ Ng8 20. Qxg8+
Ke7 21. Qg5+ Ke8 22. Rh8# 1-0

[Event "OPEN INER 2022"]
[Site "salle des fêtes de Saint Denis"]
[Date "2022.10.13"]
[Round "6.12"]
[White "Bah, Ismael"]
[Black "Vadon Ramalanjaona, Mateotia"]
[Result "1/2-1/2"]
[WhiteElo "1588"]
[BlackElo "1314"]
[PlyCount "81"]
[EventDate "2022.??.??"]

1. b4 Nf6 2. Bb2 g6 3. Nc3 Bg7 4. Nd5 e6 5. Nxf6+ Bxf6 6. Bxf6 Qxf6 7. b5 b6 8.
e3 d6 9. c3 Bb7 10. a4 a5 11. Qg4 Nd7 12. d4 O-O 13. Be2 Qf5 14. Qxf5 exf5 15.
Bf3 Bxf3 16. Nxf3 Nf6 17. O-O Rac8 18. c4 c5 19. Rac1 Rfd8 20. Rfd1 Ne4 21. Kf1
Rc7 22. Ke2 Rdc8 23. d5 Re7 24. g3 g5 25. h4 g4 26. Ne1 Rce8 27. Ng2 Nf6 28.
Rc2 Nd7 29. Kf1 Kg7 30. Nf4 Kh6 31. Ne2 Ne5 32. Ng1 Nd7 33. Rc3 Kg6 34. Kg2 h5
35. Kf1 Re4 36. Rdc1 Nf6 37. Ne2 R4e7 38. R3c2 Nd7 39. Rc3 Kf6 40. Nf4 Rh8 41.
Kg2 1/2-1/2

[Event "OPEN INER 2022"]
[Site "salle des fêtes de Saint Denis"]
[Date "2022.10.13"]
[Round "5.1"]
[White "Lutard, Florian"]
[Black "De Peindray D'Ambell, Philippe"]
[Result "1/2-1/2"]
[WhiteElo "2045"]
[BlackElo "1788"]
[PlyCount "104"]
[EventDate "2022.??.??"]

1. c4 c5 2. Nf3 Nc6 3. g3 g6 4. Bg2 Bg7 5. Nc3 e5 6. O-O Nge7 7. Ne1 O-O 8. Nc2
d6 9. Ne3 Rb8 10. d3 Nd4 11. Ned5 Nxd5 12. Nxd5 Bg4 13. f3 Be6 14. e3 Bxd5 15.
cxd5 Nf5 16. Rb1 Bh6 17. Qe2 Ne7 18. e4 Bxc1 19. Rbxc1 g5 20. f4 gxf4 21. gxf4
Ng6 22. fxe5 Nxe5 23. Rf5 Kh8 24. Rcf1 Rg8 25. Qh5 Rg7 26. Rxe5 dxe5 27. Qxe5
Qe8 28. Qf6 Kg8 29. e5 Qd8 30. e6 Qxf6 31. Rxf6 Re8 32. Kh1 fxe6 33. dxe6 Ree7
34. Bd5 b6 35. a4 Rg6 36. Rf4 Kg7 37. b4 Rg5 38. Bb3 h5 39. bxc5 bxc5 40. Bc4
Kg6 41. h3 Rf5 42. Re4 Kf6 43. a5 Kg5 44. a6 Kf6 45. Re2 Rf4 46. Kh2 Rxc4 47.
dxc4 Rxe6 48. Rf2+ Kg5 49. Rd2 Rxa6 50. Rd5+ Kh4 51. Rxc5 Ra2+ 52. Kg1 Kg3
1/2-1/2